ბათუმის შოთა რუსთაველის სახელმწიფო უნივერსიტეტის ბიბლიოთეკა

Опалубочные работы в промышленном строительстве. (ბიბ.ჩანაწერი № 47209)

000 -LEADER
fixed length control field 00681nam a2200205Ia 4500
001 - CONTROL NUMBER
control field 14069
003 - CONTROL NUMBER IDENTIFIER
control field GE_BSU
008 - FIXED-LENGTH DATA ELEMENTS--GENERAL INFORMATION
fixed length control field 181216s||||||||xx |||||||||||||| ||und||
040 ## - CATALOGING SOURCE
Transcribing agency GE_BSU
080 ## - UNIVERSAL DECIMAL CLASSIFICATION NUMBER
Universal Decimal Classification number 624.94(076)
100 ## - MAIN ENTRY--PERSONAL NAME
Personal name Рабинович,С.Г. Скворцов,А.П.
245 ## - TITLE STATEMENT
Title Опалубочные работы в промышленном строительстве.
245 ## - TITLE STATEMENT
Statement of responsibility, etc. Ред. Л.Н.Зворыкина.
260 ## - PUBLICATION, DISTRIBUTION, ETC.
Place of publication, distribution, etc. М.
260 ## - PUBLICATION, DISTRIBUTION, ETC.
Name of publisher, distributor, etc. Госстройиздат.
260 ## - PUBLICATION, DISTRIBUTION, ETC.
Date of publication, distribution, etc. 1963.
300 ## - PHYSICAL DESCRIPTION
Extent 311 стр. с илл. 18 см.
653 ## - INDEX TERM--UNCONTROLLED
Uncontrolled term Опалубочные работы в промышленном строительстве.
942 ## - ADDED ENTRY ELEMENTS (KOHA)
Koha item type წიგნი
ეგზემპლარები
Withdrawn status Lost status Damaged status Not for loan Date acquired Barcode Date last seen Price effective from Koha item type
        2018-12-17 10004 2018-12-17 2018-12-17 წიგნი